PLANT DISEASE REPORTER (Record no. 12949)

MARC details
000 -LEADER
fixed length control field 00528nam a2200157Ia 4500
022 ## - INTERNATIONAL STANDARD SERIAL NUMBER
ISSN 0032-0811
245 #0 - TITLE STATEMENT
Title PLANT DISEASE REPORTER
246 ## - VARYING FORM OF TITLE
Title proper/short title Plant Disease
260 ## - PUBLICATION, DISTRIBUTION, ETC. (IMPRINT)
Name of publisher American Phytopathological Society, Minnesota
Place of publication USA
310 ## - CURRENT PUBLICATION FREQUENCY
Current publication frequency M
500 ## - GENERAL NOTE
General note Ending Volume & Year: 63, 1979
500 ## - GENERAL NOTE
General note Missing Volume: 41(2-11);42(8);43-52;54(1-6);56(1-5);57(1-7);58(12);59(1-6);60(1-7);61;62(3-4,10-11);63(1-5)
500 ## - GENERAL NOTE
General note Starting Volume & Year: 41, 1956
942 ## - ADDED ENTRY ELEMENTS (KOHA)
Koha item type Bound Journal
Holdings
Withdrawn status Lost status Damaged status Not for loan Home library Current library Date acquired Accession Number Koha item type
      Bound journals RRII Library RRII Library 31/12/2021 12793J Bound Journal